| 000 | 00000nam##2200000za#4500 |
| 001 | 9.679840 |
| 003 | CaOODSP |
| 005 | 20200401074655 |
| 007 | ta |
| 008 | 150407|1996||||xxc||||| f|0| 0 fre|d |
| 020 | |a0-662-81394-4 |
| 040 | |aCaOODSP|bfre |
| 043 | |an-cn--- |
| 086 | 1 |aH46-2/96-194F |
| 110 | 1 |aCanada.|bSanté Canada. |bDirection de l'hygiène du milieu. |
| 245 | 10|aConcentrations/doses journalières admissibles et concentrations/doses tumorigènes des substances d'intérêt prioritaire calculées en fonction de critères sanitaires / |cpar M. E. Meeks et G. Long, Bureau des dangers des produits chimiques. |
| 260 | |aOttawa - Ontario : |bSanté Canada. |c1996. |
| 300 | |a16p. : |btableaux ; |c28 cm. |
| 500 | |aSommaire: Introduction.--Explication de certains termes: Effets non cancérogènes: dose journalière admissible (DJA); Effets non cancérogènes: concentration admissible (CA); Effets cancérogènes: dose tumorigène 0,05 (DT0,05); Effets cancérogènes: concentration tumorigène 0,05 (CT0,05).--Résumé des valeurs: Concentration/doses journalières admissibles des substances d'intérêt prioritaire (effets non cancérogènes); Concentrations/doses tumorigènes des substances d'intérêt prioritaire (effets cancérogènes).--Substances d'intérêt prioritaire faisant l'objet ou devant faire l'objet d'une évaluation. |
| 563 | |aCouverture souple |
| 590 | |a97-04|b1997-01-24 |
| 720 | 1 |aLong, G. |
| 720 | 1 |aMeeks, M. E. |
| 775 | 08|tHealth-based tolerable daily intakes/concentrations and tumorigenic doses/concentrations for priority substances / |w(CaOODSP)9.646274 |
| 776 | 0#|tConcentrations/doses journalières admissibles et concentrations/doses tumorigènes des substances d'intérêt prioritaire calculées en fonction de critères sanitaires / |w(CaOODSP)9.639529 |
| 986 | |a96-DHM-194 |